[Event "Schaakweek Apeldoorn GM 2018"]
[Site "Apeldoorn"]
[Date "2018.06.08"]
[Round "2.4"]
[White "Ten Hertog, Hugo"]
[Black "Praggnanandhaa R"]
[Result "1-0"]
[WhiteElo "2453"]
[BlackElo "2529"]
[Annotator "TA"]
[PlyCount "115"]
[EventDate "2018.06.12"]
[EventType "tourn"]
[EventCountry "NED"]
[SourceTitle "playchess.com"]
[Source "ChessBase"]
[SourceQuality "1"]

{[%evp 12,115,-25,-22,0,-40,-31,-56,-35,-41,-37,-41,5,-4,-7,-30,1,0,0,0,0,0,0,0,0,0,0,0,0,0,0,0,0,0,0,-61,-50,-54,-56,-83,36,39,25,9,13,7,98,13,14,12,10,21,129,117,116,109,116,116,119,119,116,119,115,108,112,109,112,112,121,80,85,81,83,85,133,131,138,119,231,231,231,231,211,0,0,0,0,0,0,0,0,0,12843,12843,12844,12844,12845,12846,12850,12850,12850,29983,12851,29984,12851,29985]} 1. g3 e5 2. Bg2 d5 3. d3 c6 4. Nf3 Bd6 5. O-O Nf6 6. Nc3 O-O 7. e4 h6 {A00: Irregular Openings} (7... dxe4 8. dxe4 Re8 9. Qe2 Bf8 10. Nh4 g6 11. Bg5 Bg7 12. a4 Nbd7 13. Rfd1 Qe7 14. a5 Nc5 15. h3 Be6 16. Qe3 {½-½ (66) Nakamura,H (2769)-Harikrishna,P (2698) Wijk aan Zee 2013}) 8. h3 Re8 9. Nh4 $146 {[%cal Re4d5]} ({Predecessor:} 9. a3 Bf8 10. Re1 dxe4 11. dxe4 Qc7 12. b3 b6 13. Bb2 Rd8 14. Qb1 Be6 15. Qa2 {0-1 (75) Tologontegin,S (2370)-Mohammad,M (2436) Abu Dhabi 2016}) 9... Bc7 {Black is slightly better.} 10. Qf3 {[%cal Re4d5]} Be6 11. Nf5 dxe4 12. dxe4 Bxf5 13. Qxf5 Qd7 14. Qf3 Qe6 15. a4 a5 16. Nd1 Nbd7 17. Re1 Nc5 18. b3 Rad8 19. Ba3 Bd6 20. Bb2 Bc7 21. Ba3 Bd6 22. Bb2 Bc7 23. Bf1 (23. Ba3 $11 Bd6) 23... Rd2 $15 {...Red8 is the strong threat.} 24. Rc1 Qd7 25. Bc3 {[#]} Rd6 (25... Ncxe4 $1 $17 {[%mdl 512] Hoping for ...Ng5.} 26. Bxd2 (26. Rxe4 Nxe4) 26... Nxd2) 26. Nb2 $14 b5 27. axb5 cxb5 {Strongly threatening ...b4.} 28. b4 Na6 (28... Nb7 $11 {remains equal.}) 29. Nd3 (29. bxa5 $16 Qc6 30. Re3) 29... Rc6 $11 30. Bd2 a4 31. Red1 Qe6 (31... Qe7 $1 $11) 32. c4 $36 {[%mdl 2048] Keeping Black busy.} Rxc4 33. Nc5 Rxc5 34. bxc5 Qc6 35. Rb1 Rb8 36. Qe2 Nxc5 37. Rxb5 Rxb5 38. Qxb5 Qxb5 39. Bxb5 {aiming for f3.} Ncxe4 40. Bxa4 Bb6 41. Be1 Nxg3 42. Rd6 Bd4 {[#]} 43. Bc2 $1 {Threatening mate with Rd8+.} e4 44. Bb3 g5 (44... Nf5 $16 45. Rd8+ Kh7 46. Bxf7 Nh4) 45. Rxf6 $1 $18 ({But not} 45. Rd8+ $6 Kg7 $16) 45... Bxf6 46. fxg3 Bd4+ 47. Bf2 $2 (47. Kg2 $18) 47... Bxf2+ $1 $11 48. Kxf2 {[%mdl 4096] Endgame KB-KP} Kg7 49. Ke3 f5 50. Kd4 h5 51. Bd1 Kh6 $2 {[%mdl 8192]} (51... g4 $11 52. h4 f4) 52. Ke5 $18 Kg6 53. Bc2 h4 54. g4 fxg4 55. hxg4 Kf7 56. Bxe4 Kg7 57. Bg2 (57. Kf5 $18 Kh6 58. Kf6 h3 59. Bd3 h2 60. Be4 h1=Q 61. Bxh1 Kh7 62. Bd5) 57... Kg6 58. Ke6 {Precision: White = 70%, Black = 53%.} 1-0

[Event "Schaakweek Apeldoorn GM 2018"]
[Site "Apeldoorn"]
[Date "2018.06.09"]
[Round "3"]
[White "Praggnanandhaa, R."]
[Black "Warmerdam, Max"]
[Result "1-0"]
[WhiteElo "2507"]
[BlackElo "2370"]
[Annotator "TA"]
[PlyCount "51"]
[EventDate "2018.06.12"]
[EventType "tourn"]
[EventCountry "NED"]
[SourceTitle "playchess.com"]
[Source "ChessBase"]
[SourceQuality "1"]

{[%evp 15,51,16,19,0,52,57,45,42,42,54,65,73,46,26,58,34,106,58,699,719,869,858,796,998,935,952,919,918,1043,1046,1034,1029,980,1006,991,911,1185,1177]} 1. d4 Nf6 2. Bf4 g6 3. Nc3 Bg7 4. e4 d6 5. Qd2 c6 6. f3 Qa5 7. Bh6 Bxh6 8. Qxh6 b5 {LiveBook: 14 Games} 9. Qg5 $146 {B07: Pirc Defence: Miscellaneous Systems} ({Predecessor:} 9. Qd2 Nbd7 10. Nge2 a6 11. Ng3 c5 12. dxc5 Nxc5 13. Be2 Be6 14. O-O Na4 15. Qd4 Nxc3 16. bxc3 Rc8 {0-1 (64) Darini,P (2523)-Van Wely,L (2675) Bandar e Anzali 2017}) 9... O-O ({Black should try} 9... Nbd7 $11) 10. h4 $14 Kg7 11. g4 {[%cal Bg2g4,Bg4g5,Bg5h6][%mdl 32] White is slightly better.} h6 12. Qd2 e5 13. g5 Nh5 14. O-O-O Be6 15. dxe5 dxe5 (15... b4 $14 16. Nb1 (16. exd6 bxc3 17. gxh6+ Kh7 $17) (16. Qxd6 bxc3 17. gxh6+ Kg8 $16) (16. gxh6+ Kg8 $14) 16... dxe5) 16. Qd6 {[#] Strongly threatening gxh6+.} b4 $2 {[%mdl 8192]} (16... Na6 $14) 17. gxh6+ $18 {White is clearly winning.} Kh7 18. Qxf8 Na6 19. Qxa8 bxc3 20. bxc3 Qxc3 21. Bxa6 Qe3+ 22. Kb2 Qb6+ 23. Bb5 Qxb5+ 24. Kc1 Qc5 25. Qb8 Qe3+ 26. Kb2 {Precision: White = 37%, Black = 15%.} 1-0

[Event "Schaakweek Apeldoorn GM 2018"]
[Site "Apeldoorn"]
[Date "2018.06.09"]
[Round "3"]
[White "Pijpers, Arthur"]
[Black "Ernst, Sipke"]
[Result "0-1"]
[WhiteElo "2479"]
[BlackElo "2555"]
[Annotator "TA"]
[PlyCount "96"]
[EventDate "2018.06.12"]
[EventType "tourn"]
[EventCountry "NED"]
[SourceTitle "playchess.com"]
[Source "ChessBase"]
[SourceQuality "1"]

{[%evp 32,95,25,2,41,-20,-25,-20,-18,-22,-18,-64,-69,-54,-66,-73,-14,-27,-11,0,0,0,2,0,25,-25,-27,-34,0,0,0,0,0,0,0,0,0,0,12,0,0,0,0,0,0,0,0,0,0,0,0,0,0,0,0,-70,-75,-6458,-6230,-5635,-2872,-12850,-12847,-6175,-5539,-29999]} 1. e4 e5 2. Nf3 Nc6 3. Bb5 a6 4. Ba4 Nf6 5. O-O Be7 6. Re1 b5 7. Bb3 d6 8. c3 O-O 9. h3 Nb8 10. d4 Nbd7 11. Nbd2 {[%cal Bb1d2,Bd2f1,Bf1g3,Bg3e2][%mdl 32]} Bb7 12. Bc2 Re8 13. Nf1 Bf8 14. Ng3 g6 15. a4 Nb6 {C95: Closed Ruy Lopez: Breyer Variation with 10 d4} 16. a5 (16. axb5 axb5 17. Bg5 Bg7 18. Bd3 Rxa1 19. Qxa1 c6 20. Be3 Qc7 21. dxe5 dxe5 22. Qc1 Bc8 23. Qc2 {½-½ (32) Anand,V (2767)-Carlsen,M (2834) Wijk aan Zee 2018}) 16... Nbd7 17. b3 {[#] LiveBook: 5 Games} b4 $146 {The position is equal.} ({Predecessor:} 17... exd4 18. cxd4 c5 19. d5 Rc8 20. Bf4 Ne5 21. Nxe5 dxe5 22. Bg5 h6 23. Be3 {½-½ (64) Saric,I (2662)-Cheparinov,I (2695) Mali Losinj 2017}) 18. d5 (18. dxe5 $14 dxe5 19. Bd2) 18... bxc3 $11 19. Ne2 Rc8 20. Nxc3 c6 21. Bd3 cxd5 22. Nxd5 Nxd5 23. exd5 Rc5 (23... Nf6 $17 24. Bc4 Bg7) 24. b4 $1 {[%cal Rb4c5,Bb3b4,Bb4b5][%mdl 32]} Rxd5 (24... Rc3 {feels hotter.} 25. b5 Bxd5 26. bxa6 Qa8 27. Bb5 Bc6) 25. Qb3 {[#]} Rxd3 $1 {[%mdl 512]} 26. Qxd3 d5 27. b5 Nc5 28. Qd1 e4 $1 {[%cal Re4f3]} 29. Nd4 {[%cal Bf3d4,Bd4b5,Bb5d6][%mdl 32]} Bg7 30. Be3 Nd3 31. Rf1 axb5 32. a6 Ba8 33. Rb1 f5 {aiming for ...f4.} 34. Nxb5 {Black must now prevent Bd4.} d4 (34... f4 $5 {[%cal Rf4e3]} 35. Bd4 f3 $14) 35. Bg5 Qxg5 36. Qb3+ Kh8 37. Nd6 Ne5 $1 {And now ...e3! would win.} 38. Nxe8 e3 {[%csl Ga8][%cal Rg5g2]} 39. f3 Nxf3+ $1 40. Rxf3 Bxf3 {[%csl Gf3][%cal Rg5g2]} 41. Rb2 $40 {[%mdl 128] Intending Qf7 and mate. White mounts an attack.} e2 {[#]} 42. Rxe2 $3 {[%mdl 512]} Bxe2 43. Nxg7 (43. Qb8 $1 $11 Qe3+ 44. Kh1) 43... Qc1+ $15 44. Kf2 $2 {[%mdl 8192]} (44. Kh2 $17 Qc7+ 45. Kh1 Bxa6 46. Ne6) 44... Bc4 $19 45. Qb8+ Kxg7 {[%csl Gd4][%cal Rc1e3]} 46. Qa7+ Kh6 {[%csl Gd4][%cal Rc1e3]} 47. Qxd4 f4 {[%csl Gc4][%cal Rc1f1]} 48. a7 Qf1# {Precision: White = 53%, Black = 70%.} 0-1

[Event "Schaakweek Apeldoorn GM 2018"]
[Site "Apeldoorn"]
[Date "2018.06.09"]
[Round "3"]
[White "Kuipers, Stefan"]
[Black "Ten Hertog, Hugo"]
[Result "0-1"]
[WhiteElo "2477"]
[BlackElo "2453"]
[Annotator "TA"]
[PlyCount "104"]
[EventDate "2018.06.12"]
[EventType "tourn"]
[EventCountry "NED"]
[SourceTitle "playchess.com"]
[Source "ChessBase"]
[SourceQuality "1"]

{[%evp 18,104,54,46,75,85,67,57,77,73,61,54,69,58,58,55,38,48,31,56,39,65,38,32,29,0,2,-57,-51,-55,-56,-69,0,0,246,247,238,180,250,-358,-116,-359,-343,-355,-352,-354,-354,-381,-363,-431,-434,-429,-397,-366,-359,-370,-359,-347,-346,-656,-637,-647,-627,-566,-522,-792,-792,-820,-800,-792,-792,-781,-778,-715,-712,-806,-806,-1170,-1170,-1078,-1025,-926,-822,-1450,-1390,-2240,-1710,-2558,-1950]} 1. e4 g6 2. d4 Bg7 3. Nc3 d6 4. Be3 a6 5. Qd2 b5 6. h4 {B06: Modern Defence} Nf6 7. f3 h5 8. O-O-O c6 9. Kb1 Qc7 10. Bf4 {LiveBook: 4 Games} Nfd7 $146 ({Predecessor:} 10... b4 11. Na4 a5 12. Bc4 Ba6 13. Bb3 Nbd7 14. Nh3 {1-0 (38) Leko,P (2693)-Saric,I (2652) Tallinn 2016}) 11. Nh3 b4 12. Na4 $1 c5 13. Nxc5 Nxc5 14. dxc5 Qxc5 15. Be3 Qe5 $1 {[%csl Gg7][%cal Re5b2]} 16. Qxb4 Nc6 {[%cal Bb8c6,Bc6b4,Bb4c2][%mdl 32]} 17. Qa3 $1 Rb8 18. Bc1 Bxh3 19. Rxh3 O-O $1 20. Rd5 $36 {[%mdl 2048] White fights for an advantage.} Qf6 21. Bc4 Nb4 22. Rd1 (22. Rd2 $1 $11) 22... Nxc2 $1 $15 23. Kxc2 Rfc8 24. Qxa6 ({Reject} 24. Qa4 Rxb2+ 25. Bxb2 Qxb2+ 26. Kd3 Qxg2 $17) 24... Ra8 ({Black should try} 24... Rc7 $15) 25. Qb5 $11 Rc5 $2 {[#]} (25... Rab8 $11 {and Black stays safe.} 26. Qa6 Ra8) 26. Qb4 $1 $18 {And now Kb1 would win.} Rac8 27. b3 Qa1 {[#] ...d5 is the strong threat.} 28. Be3 $4 {[%mdl 8192]} (28. Bd2 $1 $18 {was the only winning move.} Qxa2+ 29. Kd3) 28... Qb2+ $19 29. Kd3 {aiming for Qd2.} Rxc4 $1 30. Qxc4 Rxc4 31. bxc4 Qxg2 32. Rhh1 Qxf3 {Strongly threatening ...Bh6.} 33. Rdf1 Qg2 34. Bd2 Qg3+ 35. Be3 Qe5 36. Rc1 f5 37. exf5 gxf5 {[%cal Bg6f5,Bf5f4][%mdl 32]} 38. Rhg1 $2 (38. Rhf1) 38... Qe4+ {Black is clearly winning.} 39. Kd2 f4 40. Bb6 Kf7 41. a4 f3 {[%csl Gf3][%cal Re4e2]} 42. Be3 Bd4 43. Rge1 Bxe3+ 44. Rxe3 {[%mdl 4096] Endgame KQ-KRR} Qd4+ 45. Rd3 Qf4+ 46. Re3 e5 {[%cal Be7e5,Be5e4][%mdl 32]} 47. a5 Qd4+ 48. Rd3 Qf2+ 49. Kc3 e4 50. Rxd6 Qe3+ 51. Kb2 f2 52. Rdd1 Qe2+ {Precision: White = 47%, Black = 88%.} 0-1

[Event "Schaakweek Apeldoorn GM 2018"]
[Site "Apeldoorn"]
[Date "2018.06.09"]
[Round "3"]
[White "Gascon Del Nogal, Jose Rafael"]
[Black "Hillarp Persson, Tiger"]
[Result "0-1"]
[WhiteElo "2470"]
[BlackElo "2546"]
[Annotator "TA"]
[PlyCount "98"]
[EventDate "2018.06.12"]
[EventType "tourn"]
[EventCountry "NED"]
[SourceTitle "playchess.com"]
[Source "ChessBase"]
[SourceQuality "1"]

{[%evp 18,98,-29,-29,22,0,37,7,28,0,0,0,0,-50,-62,-62,-61,-59,-64,-60,-53,-52,-63,-51,-54,-54,-53,-58,-60,-121,-110,-111,-116,-120,-117,-155,-92,-87,-85,-201,-208,-302,-300,-300,-273,-292,-287,-323,-330,-313,-309,-390,-379,-360,-374,-402,-384,-666,-465,-686,-462,-458,-431,-452,-455,-536,-552,-29987,-29988,-29987,-1086,-29982,-569,-673,-635,-636,-621,-813,-787,-809,-736,-666,-492]} 1. e4 c5 2. Nf3 d6 3. d4 cxd4 4. Nxd4 Nf6 5. Nc3 a6 6. Nb3 Nc6 7. Be3 {B56: Classical Sicilian: Unusual Lines} e6 (7... g6 8. Nd5 Nxd5 9. exd5 Ne5 10. Bd4 Bh6 11. Be2 O-O 12. O-O b5 13. a4 b4 14. c3 Bb7 15. cxb4 Bxd5 {0-1 (29) Anand,V (2776)-Vachier Lagrave,M (2811) Bastia 2016}) 8. g4 h6 9. Bg2 Ne5 10. h3 {LiveBook: 4 Games} g5 (10... b5 $142) 11. Qe2 Nfd7 $146 ({Predecessor:} 11... Ng6 12. O-O-O Nd7 13. Kb1 Qc7 14. Bd4 {0-1 (45) Gunnarsson,J (2466)-Smeets,J (2608) chess.com INT 2018}) 12. O-O-O (12. h4 $5 Rg8 13. hxg5 hxg5 14. a3 $11) 12... b5 13. f4 gxf4 14. Bxf4 Bb7 15. Qe1 Rc8 {[%cal Ba8c8,Bc8c3,Bc3g3][%mdl 32]} 16. Kb1 Qc7 $1 17. Nd4 Nc4 18. Bc1 {[#]} Na3+ $1 {[%mdl 512]} 19. bxa3 {And now Bb2 would win.} Qxc3 20. Qxc3 Rxc3 21. Bb2 $1 {[%cal Rb2c3]} Rg3 22. Rhg1 Rg8 23. Ne2 ({Better is} 23. Rde1 $1 $15) 23... Re3 $17 24. Nf4 e5 25. Nd5 Bxd5 $1 26. Rxd5 {[#]} Nc5 ({Black should try} 26... h5 $1 {[%mdl 512]} 27. Bc1 (27. gxh5 Re2) 27... Rg3) 27. Bc1 Rg3 {...h5! is the strong threat.} 28. Rdd1 {[#]} (28. Bd2 $17) 28... h5 $1 $19 {[%mdl 512]} 29. Bd2 (29. Bh1 {keeps fighting.} Rxh3 30. gxh5 Rxg1 31. Rxg1) (29. gxh5 Rxg2) 29... hxg4 30. h4 Rh8 31. Be1 Rxa3 32. Bh1 Rh3 33. Bg2 Re3 34. Bf2 Re2 35. Bxc5 dxc5 36. a4 bxa4 37. Rd5 $2 (37. Rde1 Rxe1+ 38. Rxe1) 37... f6 38. Bf1 (38. Rdd1 $142) 38... Rxe4 39. Bxa6 Rb4+ 40. Ka2 Rxh4 41. c3 Rb3 42. Bc8 Rh2+ 43. Ka1 Rxc3 (43... Ra3+ $142 44. Kb1 Raa2 45. Bd7+ Kf7 46. Bb5 Rhb2+ 47. Kc1 Bh6+ 48. Rd2 Rxb5 49. Rgg2 a3 50. Rxg4 Rbb2 51. Rg7+ Kxg7 52. Kd1 Rxd2+ 53. Ke1 Ra1#) 44. Bxg4 Bh6 (44... Ra3+ $142 45. Kb1 Raa2 46. Bd7+ Kf7 47. Bc6 Rhb2+ 48. Kc1 Bh6+ 49. Rd2 Rxd2 50. Bd5+ Rxd5+ 51. Kb1 Rh2 52. Ka1 Rdd2 53. Kb1 Rb2+ 54. Ka1 Ra2+ 55. Kb1 Rhb2#) 45. Rgd1 {Black is clearly winning.} Rc1+ 46. Rxc1 Bxc1 47. Bd7+ Ke7 48. Bxa4 Bb2+ 49. Kb1 Bd4 {Precision: White = 37%, Black = 76%.} 0-1

[Event "Schaakweek Apeldoorn GM 2018"]
[Site "Apeldoorn"]
[Date "2018.06.09"]
[Round "3"]
[White "Beerdsen, Thomas"]
[Black "Fier, Alexandr"]
[Result "1-0"]
[WhiteElo "2454"]
[BlackElo "2576"]
[Annotator "TA"]
[PlyCount "63"]
[EventDate "2018.06.12"]
[EventType "tourn"]
[EventCountry "NED"]
[SourceTitle "playchess.com"]
[Source "ChessBase"]
[SourceQuality "1"]

{[%evp 13,63,8,8,0,0,0,34,-18,12,-31,-41,-42,-9,0,0,-29,72,67,190,173,271,283,347,362,323,330,339,322,650,619,683,588,616,710,652,714,692,711,695,709,699,683,655,632,29985,29986,5918,1208,29994,29994,29995,29996]} 1. e4 c5 2. Nf3 Nc6 3. Nc3 e6 4. d4 cxd4 5. Nxd4 Qc7 6. g4 {B47: Sicilian: Taimanov: 5 Nc3 Qc7 6 f4, 6 g3 and 6 Be2} (6. Be3 a6 7. Qf3 Nf6 8. O-O-O Ne5 9. Qg3 b5 10. a3 Bb7 11. Bxb5 Rc8 12. Ba4 Nxe4 13. Nxe4 Bxe4 14. Bf4 Qc4 15. Bxe5 Qxa4 {1-0 (38) Vachier Lagrave,M (2789)-Anand,V (2776) Karlsruhe/Baden-Baden 2018}) 6... a6 7. Bg2 Nge7 {[%cal Bg8e7,Be7g6,Bg6h4][%mdl 32] LiveBook: 10 Games} 8. Nxc6 $146 {The position is equal.} ({Predecessor:} 8. O-O Nxd4 9. Qxd4 Nc6 10. Qe3 d6 11. f4 Bd7 12. Qf2 Na5 13. g5 h6 {½-½ (70) Oparin,G (2552)-Prasanna Raghuram,R (2447) Pune 2014}) 8... bxc6 9. h4 Bb7 10. f4 (10. h5 $14) 10... d5 11. O-O Ng6 (11... h5 $5 12. g5 (12. gxh5 dxe4 13. Bxe4 Rd8 $15) 12... Ng6 $11) 12. Qe1 Be7 13. h5 $36 {[%mdl 2048] White fights for an advantage.} Nh4 14. Bh1 $1 dxe4 (14... g6 $11) 15. Nxe4 $16 c5 {[#]} (15... g6 $14) 16. f5 $1 $18 Bxe4 (16... c4 {is a better defense.}) 17. Bxe4 O-O-O {[#]} 18. Bf4 $1 {[%cal Rf4c7]} Bd6 19. Bg5 ({Stronger than} 19. Qxh4 Bxf4 20. fxe6 fxe6 $11) ({Not} 19. Bxd6 Qxd6 20. c3 (20. Qxh4 Qd4+ 21. Rf2 Qxe4 $11) 20... exf5 $16) 19... Bg3 20. Bxd8 Kxd8 $2 (20... Rxd8 21. Qe2 exf5) 21. Rd1+ Ke7 22. fxe6 fxe6 23. Qd2 {Intending Qg5+ and mate.} h6 24. Bg6 {White threatens Rf7+ and mate.} Rf8 25. Rxf8 Kxf8 26. Rf1+ Kg8 27. Rf7 Qb8 28. Qd7 Be5 29. Qxe6 Bd4+ 30. Kh1 (30. Kf1 $142 Kh8 31. c3 Nxg6 32. hxg6 Bxc3 33. bxc3 Qd8 34. Re7 Qd1+ 35. Kg2) 30... Kh8 31. Re7 Qa8+ 32. Be4 {Precision: White = 70%, Black = 21%.} 1-0

[Event "Schaakweek Apeldoorn GM 2018"]
[Site "Apeldoorn"]
[Date "2018.06.10"]
[Round "4"]
[White "Ernst, Sipke"]
[Black "Beerdsen, Thomas"]
[Result "1/2-1/2"]
[WhiteElo "2555"]
[BlackElo "2454"]
[Annotator "TA"]
[PlyCount "160"]
[EventDate "2018.06.12"]
[EventType "tourn"]
[EventCountry "NED"]
[SourceTitle "playchess.com"]
[Source "ChessBase"]
[SourceQuality "1"]

{[%evp 14,160,25,29,36,41,52,56,68,54,74,56,86,55,66,66,80,66,83,69,152,162,150,0,0,0,0,0,0,0,0,-85,-107,-423,-422,-410,-420,-858,-282,-286,-312,-316,-273,-263,-269,-258,-255,-256,-252,-255,-238,-468,-151,-148,-138,-137,-146,-119,-137,-166,-156,-159,-168,-201,-169,-211,-214,-270,-254,-237,-245,-239,-238,-256,-231,-256,-255,-228,-4,-91,0,-135,-10,-19,0,0,0,0,14,0,51,47,123,0,0,0,0,0,0,0,0,0,0,0,0,0,0,0,0,0,0,0,0,0,0,0,0,0,0,0,0,0,0,0,0,0,0,0,0,0,0,0,0,0,0,0,0,0,0,-8,0,0,0,0,0,0,0,0,0]} 1. d4 Nf6 2. c4 e6 3. Nc3 Bb4 4. g3 d5 5. Bg2 O-O 6. Nf3 dxc4 7. O-O c5 8. dxc5 {LiveBook: 39 Partien. E20: Nimzoindisch (Seltene Züge)} Nbd7 (8... Bxc5 9. Bg5 Nc6 10. Qa4 h6 11. Rad1 Qe7 12. Bxf6 Qxf6 13. Qxc4 Bb4 14. Nd4 Bxc3 15. Qxc3 Bd7 16. Nxc6 Bxc6 17. Qxf6 gxf6 18. Bxc6 bxc6 {1-0 (65) Bacrot,E (2710)-Shirov,A (2742) Odessa 2010}) 9. Qd4 $146 ({Vorgänger:} 9. c6 bxc6 10. Nd4 Bb7 11. Nxc6 Bxc6 12. Bxc6 Rc8 13. Bg2 Bxc3 14. bxc3 Qa5 15. Qc2 Nd5 {½-½ (50) Nguyen,N (2579)-Nguyen,V (2386) Manila 2008}) 9... Qc7 10. Qxc4 {Weiß steht etwas besser.} Qxc5 11. Qb3 Qe7 12. Rd1 h6 13. Bf4 Bc5 14. Na4 $1 e5 15. Bd2 e4 16. Nh4 $1 {[%cal Rh4g6]} Bxf2+ ({Lieber} 16... Re8 $14) 17. Kxf2 $16 e3+ 18. Kg1 (18. Kf1 $1 $16 exd2 19. Ng6) 18... exd2 $11 19. Ng6 Qxe2 20. Bf3 Qa6 $1 {...Te8 ist eine echte Drohung.} 21. Nxf8 Ne5 22. Bg2 (22. Rxd2 $11 {hält das Gleichgewicht.} Nxf3+ 23. Qxf3) 22... Qe2 $17 {[%mdl 1024] [#] Schwarz hat starke Kompensation.} 23. Qc3 $2 {[%mdl 8192]} (23. Ng6 $1 $17 {[%mdl 512] ist eine bessere Chance.} Nxg6 24. Bf3) 23... Ne4 $1 $19 {[%cal Re4c3]} 24. Qd4 (24. Bxe4 Qxe4 25. Ng6 (25. Nc5 $2 Qe2 $19) 25... fxg6 $19) 24... Ng5 25. Kh1 (25. Rxd2 $142 Ngf3+ 26. Kh1 Nxd4 27. Rxe2 Nxe2 28. Nc5) 25... Nef3 $2 (25... Bh3 {[%csl Gh3][%cal Re2g2]} 26. Qg1 Ng4) 26. Nc3 {[#]} Qxg2+ $1 {[%mdl 512]} 27. Kxg2 Bh3+ 28. Kf2 Nxd4 29. Nd7 Nc2 ({Viel schwächer ist} 29... Bxd7 30. Rxd2 Ngf3 31. Rxd4 $1 $17 {[%mdl 512]}) 30. Rab1 Bxd7 31. Rxd2 Bf5 32. Rbd1 $2 (32. g4 {ist wohl besser.} Bg6 33. Rbd1) 32... Nb4 $2 (32... Nh3+ $19 33. Kf3 Re8) 33. g4 $17 Bg6 ({Auf keinen Fall} 33... Bxg4 34. Rd8+ Rxd8 35. Rxd8+ Kh7 36. Rd4 $15) 34. Rd8+ Rxd8 35. Rxd8+ Kh7 36. h4 Ne6 37. Rb8 Nc5 38. h5 Bd3 39. a3 Nc6 40. Ra8 Bc4 41. b4 Nd3+ 42. Kg3 a6 43. Ne4 Bd5 44. Nd6 Nd4 $1 45. Re8 Nc2 $2 (45... f6 $19 {Und ...b5 würde nun gewinnen.} 46. Re7 Bc6) 46. Re2 {[#]} (46. Re7 $1 $11) 46... Nd4 ({Günstiger ist} 46... Bb3 $1 $17 47. Nxb7 Nxa3) 47. Re7 {[#]} ({Viel schwächer wäre} 47. Rd2 Nc1 $17) (47. Re8 $1 $11) 47... Nb5 ({Besser ist} 47... f6 $1 $17 {Droht stark ...Lc6.} 48. Ne8 Kg8 49. Nxg7 Ne5) 48. Nxf7 $11 Bxf7 49. Rxf7 Ne5 50. Re7 Nd3 51. Rd7 Nb2 (51... Ne5 $11 52. Re7 Nc4) 52. Rxb7 $14 Nxa3 (52... Na4 $1 $14) 53. Rc7 (53. Ra7 $16) 53... Nb5 $1 $11 {[%cal Rb5c7] Die Stellung ist ausgeglichen.} 54. Rc6 Nd3 55. Rxa6 {Droht Tb6 und aus.} Nc3 $1 56. b5 Nxb5 57. Ra5 Nd6 58. Kf3 Nf7 59. Rb5 Nde5+ 60. Kf4 Nd3+ 61. Ke3 Nde5 62. Kf4 Nc6 63. Rb6 Ne7 {Weiss muss nun ...Sd5+ beachten.} 64. Rb7 (64. Ke4 {with more complications.} Ng5+ 65. Ke5 Nh3 66. Ra6 Ng5 67. Rb6) 64... Nd5+ 65. Kg3 Ng5 66. Rb5 Nf6 (66... Nc7 {is interesting.} 67. Rb8 Nce6 68. Re8 Ne4+ 69. Kf3 N6g5+) 67. Rb2 Nge4+ 68. Kf3 Nd6 69. Rb4 Nf7 70. Rb5 Nd6 71. Rb4 Kg8 72. Ra4 Kf8 73. Ra8+ Ke7 74. Ra7+ Nd7 75. Kf4 Nb5 76. Ra4 Nc3 77. Ra5 Ke6 78. Ra6+ Kf7 79. g5 Nd5+ 80. Kg4 hxg5 {Precision: Weiß = 61%, Schwarz = 47%.} 1/2-1/2

[Event "Schaakweek Apeldoorn GM 2018"]
[Site "Apeldoorn"]
[Date "2018.06.10"]
[Round "4"]
[White "Hillarp Persson, Tiger"]
[Black "Fier, Alexandr"]
[Result "0-1"]
[WhiteElo "2546"]
[BlackElo "2576"]
[Annotator "TA"]
[PlyCount "76"]
[EventDate "2018.06.12"]
[EventType "tourn"]
[EventCountry "NED"]
[SourceTitle "playchess.com"]
[Source "ChessBase"]
[SourceQuality "1"]

{[%evp 18,76,0,-19,-9,-37,-34,-13,-16,-86,-23,-50,-13,-20,-15,-22,-21,-60,-22,-11,0,-10,0,0,0,0,-12,-30,-4,-35,0,-8,-6,0,0,-7,0,0,0,-83,-81,-100,-77,-79,-78,-70,-61,-75,-70,-79,-79,-91,-60,-67,-52,-143,-143,-310,-310,-295,-294]} 1. Nf3 c5 2. c4 Nc6 3. Nc3 Nf6 4. d4 cxd4 5. Nxd4 e6 6. a3 Be7 7. e4 O-O {A33: Symmetrical English: 2 Nf3 Nf6 3 d4 cxd4 4 Nxd4 e6 5 Nc3 Nc6} 8. Nc2 (8. Nf3 Qa5 9. Bd2 Qh5 10. Be2 d5 11. cxd5 exd5 12. exd5 Nxd5 13. Nd4 Qe5 14. Nf3 Qd6 15. Nxd5 Qxd5 {0-1 (70) Vidit,S (2715)-Vachier Lagrave,M (2789) Riadh 2017}) 8... b6 9. Be2 Bb7 10. O-O {LiveBook: 5 Games} Na5 11. e5 Ne4 {Strongly threatening ...Nxc3.} 12. Nxe4 Bxe4 13. Ne3 (13. Bf4 $1 $11) 13... Qc7 $146 (13... d6 $17 14. b4 Nc6 15. exd6 Bxd6) ({Predecessor:} 13... d6 14. exd6 Qxd6 15. Bd2 Rfd8 16. Bb4 Qxd1 17. Rfxd1 {½-½ (17) Varga,Z (2488)-Heimann,A (2428) Basel 2009}) 14. b4 $1 $11 {[%cal Rb4a5]} Qxe5 15. Ra2 $1 Nc6 ({Avoid the trap} 15... Bd6 $2 16. f4 $18) 16. Bb2 Qg5 17. f4 Qh4 18. g3 Qh3 19. Bf3 Bxf3 20. Rxf3 Rad8 21. g4 Qh6 22. Ba1 Qg6 23. f5 $1 {[%cal Rf5g6]} exf5 24. Nxf5 Bf6 $1 25. Bxf6 Qxf6 26. Nd6 Qg5 27. Rf5 Qe3+ 28. Kg2 (28. Raf2 $11 {keeps the balance.}) 28... Nd4 $17 29. Rff2 Qe5 (29... f5 {is interesting.} 30. Rad2 fxg4 31. Qxg4 Nf3 32. Rde2 Ne1+) 30. Rad2 Qxd6 31. Rxd4 Qe6 32. Qf3 Rfe8 33. h3 Re7 34. Qf4 Rde8 35. Rd6 Qe1 36. g5 (36. Qf5 $15) 36... Qc3 37. Rf3 $2 {[#]} (37. h4 $17) 37... Re2+ $19 38. Rf2 Rxf2+ {Precision: White = 42%, Black = 43%.} 0-1